000
00191 a2200097 4500
020
_a
781375218190
041
_a
eng
100
_a
Eric Carle
245
_a
the very hungry aterillar
942
_c
K
999
_c
30278
_d
30276